<?xml version="1.0" encoding="UTF-8"?>
<record
    xmlns:xsi="http://www.w3.org/2001/XMLSchema-instance"
    xsi:schemaLocation="http://www.loc.gov/MARC21/slim http://www.loc.gov/standards/marcxml/schema/MARC21slim.xsd"
    xmlns="http://www.loc.gov/MARC21/slim">

  <leader>01376nam a22002297a 4500</leader>
  <controlfield tag="005">20180518100217.0</controlfield>
  <controlfield tag="008">140428s2012    ko abdogr|||| 00| 0 eng d</controlfield>
  <datafield tag="041" ind1=" " ind2=" ">
    <subfield code="a">eng</subfield>
  </datafield>
  <datafield tag="082" ind1=" " ind2=" ">
    <subfield code="a">333.9516</subfield>
    <subfield code="b">K94i</subfield>
  </datafield>
  <datafield tag="111" ind1="2" ind2=" ">
    <subfield code="a">International Workshop on Future Plan for South-South Cooperation on Biodiversity Conservation Development</subfield>
    <subfield code="c">Seoul</subfield>
    <subfield code="d">September 7 2012</subfield>
    <subfield code="9">23867</subfield>
  </datafield>
  <datafield tag="242" ind1="1" ind2="0">
    <subfield code="a">Taller Internacional sobre el Plan de Futuro para la Cooperaci&#xF3;n Sur-Sur en Biodiversidad para el Desarrollo de la Conservaci&#xF3;n</subfield>
    <subfield code="c">Korean Society of Nature Conservation, World Conservation Congress, National Institute of Biological Resources</subfield>
    <subfield code="y">spa</subfield>
  </datafield>
  <datafield tag="245" ind1="1" ind2="0">
    <subfield code="a">International Workshop on Future Plan for South-South Cooperation on Biodiversity Conservation Development</subfield>
    <subfield code="c">Korean Society of Nature Conservation, World Conservation Congress, National Institute of Biological Resources</subfield>
  </datafield>
  <datafield tag="260" ind1="3" ind2=" ">
    <subfield code="a">Seoul</subfield>
    <subfield code="b">Korean Society of Nature Conservation</subfield>
    <subfield code="c">2012</subfield>
  </datafield>
  <datafield tag="300" ind1=" " ind2=" ">
    <subfield code="a">122 p.</subfield>
    <subfield code="b">il., fot., mapas, tablas, gr&#xE1;ficas</subfield>
    <subfield code="c">30 cm</subfield>
  </datafield>
  <datafield tag="590" ind1=" " ind2=" ">
    <subfield code="a">242 traducci&#xF3;n por la agencia catalogadora</subfield>
  </datafield>
  <datafield tag="650" ind1=" " ind2="4">
    <subfield code="a">Biodiversidad</subfield>
    <subfield code="v">Taller</subfield>
    <subfield code="x">Conservaci&#xF3;n</subfield>
    <subfield code="9">23868</subfield>
  </datafield>
  <datafield tag="650" ind1=" " ind2="4">
    <subfield code="a">Biodiversidad</subfield>
    <subfield code="v">Taller</subfield>
    <subfield code="x">Cooperaci&#xF3;n</subfield>
    <subfield code="9">23869</subfield>
  </datafield>
  <datafield tag="710" ind1="2" ind2=" ">
    <subfield code="a">Korean Society of Nature Conservation</subfield>
    <subfield code="9">23841</subfield>
  </datafield>
  <datafield tag="710" ind1="2" ind2=" ">
    <subfield code="a">World Conservation Congress</subfield>
    <subfield code="9">23842</subfield>
  </datafield>
  <datafield tag="710" ind1="2" ind2=" ">
    <subfield code="9">23391</subfield>
    <subfield code="a">National Institute of Biological Resources</subfield>
    <subfield code="c">(Corea del Sur)</subfield>
  </datafield>
  <datafield tag="942" ind1=" " ind2=" ">
    <subfield code="2">ddc</subfield>
    <subfield code="c">Impreso</subfield>
  </datafield>
  <datafield tag="999" ind1=" " ind2=" ">
    <subfield code="c">8408</subfield>
    <subfield code="d">8408</subfield>
  </datafield>
  <datafield tag="952" ind1=" " ind2=" ">
    <subfield code="0">0</subfield>
    <subfield code="1">0</subfield>
    <subfield code="2">ddc</subfield>
    <subfield code="4">0</subfield>
    <subfield code="7">0</subfield>
    <subfield code="8">GENERAL</subfield>
    <subfield code="I">INV2017</subfield>
    <subfield code="a">Venado</subfield>
    <subfield code="b">Venado</subfield>
    <subfield code="d">2014-04-28</subfield>
    <subfield code="e">Instituto</subfield>
    <subfield code="g">39000.00</subfield>
    <subfield code="l">0</subfield>
    <subfield code="o">LB-333.9516 K94i</subfield>
    <subfield code="p">034366</subfield>
    <subfield code="r">2014-04-28 00:00:00</subfield>
    <subfield code="t">Ej. 1</subfield>
    <subfield code="w">2014-04-28</subfield>
    <subfield code="x">Donaci&#xF3;n</subfield>
    <subfield code="y">LIBRO</subfield>
  </datafield>
</record>
